[Event "San Vicente op 8th"]
[Site "San Vicente"]
[Date "2024.03.30"]
[Round "6"]
[White "Larkin, Vladislav"]
[Black "Aronsson, Marten"]
[Result "1-0"]
[WhiteElo "2450"]
[BlackElo "2285"]
[PlyCount "77"]
[EventDate "2024.03.27"]
[EventType "swiss"]
[EventRounds "9"]
[EventCountry "ESP"]
[SourceTitle "CB14_2024"]
[SourceDate "2024.04.01"]
[SourceVersion "1"]
[SourceVersionDate "2024.04.01"]
[SourceQuality "1"]

1. d4 d5 2. Nc3 Nf6 3. Bg5 Bf5 4. f3 h6 5. Bxf6 exf6 6. e4 dxe4 7. fxe4 Bg6 8. Qd3 a6 9. 0-0-0 Bd6 10. Nf3 Nc6 11. Nh4 Bh7 12. g4 0-0 13. Kb1 Re8 14. Nf5 Bf8 15. h4 Bxf5 16. gxf5 Qd6 17. Be2 Rad8 18. Nd5 Nb4 19. Nxb4 Qxb4 20. Bh5 c5 21. c3 Qa4 22. Rhg1 cxd4 23. cxd4 Qc6 24. Rg4 Rc8 25. Rdg1 Qc4 26. Qd2 Kh8 27. e5 Qd5 28. Qg2 Qxg2 29. R4xg2 Re7 30. exf6 gxf6 31. Rg8+ Kh7 32. R1g7+ Bxg7 33. Rxc8 Rd7 34. d5 Bh8 35. d6 Bg7 36. Kc2 Rxd6 37. Bxf7 Rc6+ 38. Rxc6 bxc6 39. Kb3 1-0

[Event "SWE-chT 2223 Elite"]
[Site "Sweden"]
[Date "2023.03.11"]
[Round "8.4"]
[White "Aronsson, Marten"]
[Black "Olsson, Fredric"]
[Result "1-0"]
[WhiteElo "2227"]
[BlackElo "2046"]
[PlyCount "83"]
[EventDate "2022.10.14"]
[EventType "team-tourn"]
[EventRounds "9"]
[EventCountry "SWE"]
[SourceTitle "CBM 213 Extra"]
[Source "ChessBase"]
[SourceDate "2023.05.31"]
[SourceVersion "1"]
[SourceVersionDate "2023.05.31"]
[SourceQuality "1"]
[WhiteTeam "Kungstornet"]
[BlackTeam "Helsingborg"]
[WhiteTeamCountry "SWE"]
[BlackTeamCountry "SWE"]

1. d4 Nf6 2. Nf3 g6 3. g3 Bg7 4. Bg2 0-0 5. 0-0 d6 6. Re1 Nc6 7. d5 Ne5 8. Nxe5 dxe5 9. Nc3 Ne8 10. e4 a6 11. a4 h6 12. Be3 Qd6 13. Qd2 Kh7 14. a5 f5 15. Ne2 Nf6 16. f3 fxe4 17. fxe4 Ng4 18. c4 Nxe3 19. Qxe3 Qb4 20. Qc3 Qc5+ 21. Kh1 Bg4 22. b4 Qf2 23. Ng1 c5 24. bxc5 Qxc5 25. Rab1 Rf2 26. h3 Bc8 27. Re2 Rxe2 28. Nxe2 h5 29. Nc1 Bd7 30. Rxb7 Qc8 31. Qb4 h4 32. g4 Bf6 33. Nd3 Bxg4 34. Nf2 Be2 35. c5 Bg5 36. c6 Qf8 37. Qe1 Bb5 38. Ng4 Qf4 39. Qc3 Bf1 40. Qf3 Bb5 41. Qxf4 exf4 42. Bf3 1-0

[Event "SWE-chT 1920 Superettan"]
[Site "Sweden"]
[Date "2019.10.19"]
[Round "2"]
[White "Sorensen, Hampus"]
[Black "Aronsson, Marten"]
[Result "1-0"]
[WhiteElo "2319"]
[BlackElo "2209"]
[PlyCount "73"]
[EventDate "2019.10.18"]
[EventType "team-tourn"]
[EventRounds "9"]
[EventCountry "SWE"]
[SourceTitle "EXT 2023"]
[Source "ChessBase"]
[SourceDate "2022.10.05"]
[SourceVersion "1"]
[SourceVersionDate "2022.10.05"]
[SourceQuality "1"]
[WhiteTeam "Pelaro Alingsas"]
[BlackTeam "Kungstornet"]
[WhiteTeamCountry "SWE"]
[BlackTeamCountry "SWE"]

1. d4 Nf6 2. c4 e6 3. Nf3 d5 4. Bg5 Nbd7 5. e3 c6 6. Qc2 Qa5+ 7. Nbd2 Ne4 8. Bf4 Bb4 9. a3 g5 10. Bg3 g4 11. 0-0-0 Nxg3 12. hxg3 Bxd2+ 13. Nxd2 f5 14. Rh6 Nf8 15. f3 Qc7 16. fxg4 Qxg3 17. cxd5 cxd5 18. Bb5+ Bd7 19. Bxd7+ Kxd7 20. Qa4+ Kd8 21. gxf5 Qxe3 22. Rh3 Rc8+ 23. Kb1 Qe2 24. Qb3 Qxg2 25. Re3 Rc7 26. fxe6 Ng6 27. Nf3 Kc8 28. Ne5 Nxe5 29. Rxe5 Re8 30. Ka2 Qg4 31. Rd3 Rc6 32. Qxd5 Rexe6 33. Rg5 Qe2 34. Rg8+ Re8 35. Rdg3 Rce6 36. Rc3+ Kb8 37. Qd8+ 1-0

[Event "SWE-chT 1920 Superettan"]
[Site "Sweden"]
[Date "2019.10.18"]
[Round "1"]
[White "Ottenklev, Niclas"]
[Black "Aronsson, Marten"]
[Result "1/2-1/2"]
[WhiteElo "2193"]
[BlackElo "2209"]
[PlyCount "93"]
[EventDate "2019.10.18"]
[EventType "team-tourn"]
[EventRounds "9"]
[EventCountry "SWE"]
[SourceTitle "EXT 2023"]
[Source "ChessBase"]
[SourceDate "2022.10.05"]
[SourceVersion "1"]
[SourceVersionDate "2022.10.05"]
[SourceQuality "1"]
[WhiteTeam "Norrkoping Schack 08"]
[BlackTeam "Kungstornet"]
[WhiteTeamCountry "SWE"]
[BlackTeamCountry "SWE"]

1. e4 e5 2. Nf3 Nc6 3. c3 d5 4. Qa4 Qd6 5. Bb5 Bd7 6. exd5 Qxd5 7. 0-0 0-0-0 8. d4 e4 9. Ng5 a6 10. Bc4 Qf5 11. Qc2 Na5 12. Be2 Re8 13. b4 h6 14. Nxe4 Qxe4 15. Qxe4 Rxe4 16. Bd3 Rh4 17. bxa5 Bd6 18. g3 Rh5 19. Bd2 Rxa5 20. c4 Rh5 21. Nc3 Bb4 22. a3 Bxc3 23. Bxc3 Nf6 24. f3 b5 25. Rac1 Re8 26. Bd2 bxc4 27. Bxc4 Bb5 28. Bxf7 Re2 29. Bxh5 Rxd2 30. Bg6 Bxf1 31. Kxf1 Rxd4 32. Ke2 Kd7 33. Rc3 Kd6 34. Rd3 Rxd3 35. Kxd3 Kc5 36. Bf7 a5 37. h4 g5 38. hxg5 hxg5 39. f4 gxf4 40. gxf4 c6 41. Bb3 Kd6 42. Kd4 Nh5 43. Ke4 Ng3+ 44. Kf3 Nf5 45. Ke4 Ng3+ 46. Kf3 Nf5 47. Ke4 1/2-1/2

[Event "Prague Summer op-A 6th"]
[Site "Prague"]
[Date "2019.08.03"]
[Round "2"]
[White "Yakimenko, Alexander A"]
[Black "Aronsson, Marten"]
[Result "1-0"]
[WhiteElo "2100"]
[BlackElo "2269"]
[PlyCount "105"]
[EventDate "2019.08.02"]
[EventType "swiss"]
[EventRounds "9"]
[EventCountry "CZE"]
[SourceTitle "CBM 191 Extra"]
[Source "ChessBase"]
[SourceDate "2019.09.30"]
[SourceVersion "1"]
[SourceVersionDate "2019.09.30"]
[SourceQuality "1"]

1. e4 e5 2. Nf3 Nc6 3. Bb5 a6 4. Ba4 Nf6 5. 0-0 Nxe4 6. d4 b5 7. Bb3 d5 8. dxe5 Be6 9. Qe2 Be7 10. Rd1 Qd7 11. c4 bxc4 12. Bxc4 0-0 13. Nc3 Nxc3 14. bxc3 Rfd8 15. Bf4 Qc8 16. Bb3 Na5 17. Bc2 c5 18. Qd3 g6 19. Bg5 Bxg5 20. Nxg5 Bf5 21. Qf3 h6 22. Nxf7 Bxc2 23. Nxd8 Qxd8 24. Qxd5+ Qxd5 25. Rxd5 Nb7 26. Rd7 Nd8 27. f3 Bf5 28. Rc7 Ne6 29. Rc6 h5 30. Rd1 Rb8 31. Rxa6 Rb2 32. Rd7 Rb8 33. Rd2 Nf4 34. h4 Kf7 35. g3 Nd3 36. Rf6+ Ke7 37. Rxf5 Rb1+ 38. Kh2 gxf5 39. Rxd3 Ke6 40. f4 Rc1 41. Rd6+ Ke7 42. a4 Rxc3 43. a5 Ra3 44. a6 c4 45. Rc6 c3 46. a7 Rxa7 47. Rxc3 Ke6 48. Rd3 Ra2+ 49. Kh3 Ra6 50. Kg2 Ra2+ 51. Kf3 Ke7 52. Rd6 Ra3+ 53. Kg2 1-0

[Event "Norway op 7th"]
[Site "Stavanger"]
[Date "2019.06.08"]
[Round "4"]
[White "Aronsson, Marten"]
[Black "Kvaloy, Aksel Bu"]
[Result "0-1"]
[WhiteElo "2277"]
[BlackElo "2138"]
[PlyCount "46"]
[EventDate "2019.06.07"]
[EventType "swiss"]
[EventRounds "7"]
[EventCountry "NOR"]
[SourceTitle "EXT 2020"]
[Source "ChessBase"]
[SourceDate "2019.10.17"]
[SourceVersion "1"]
[SourceVersionDate "2019.10.17"]
[SourceQuality "1"]

1. Nf3 d5 2. c4 c6 3. e3 Nf6 4. Nc3 e6 5. Qc2 Bd6 6. b3 0-0 7. Bb2 Nbd7 8. Rg1 e5 9. cxd5 cxd5 10. g4 Nc5 11. g5 Nfe4 12. b4 Na6 13. Nxd5 Bf5 14. Bxa6 bxa6 15. d3 Rc8 16. Qb3 Bxb4+ 17. Qxb4 Nc5 18. Nxe5 Qxd5 19. Qd4 Qb7 20. Nd7 Nxd3+ 21. Kf1 Nxb2 22. Nxf8 Bd3+ 23. Ke1 Rc4 0-1

[Event "SWE-chT 1819 Superettan"]
[Site "Sweden"]
[Date "2019.02.02"]
[Round "5"]
[White "Aronsson, Marten"]
[Black "Rasti, Arvin"]
[Result "1-0"]
[WhiteElo "2272"]
[BlackElo "1863"]
[PlyCount "73"]
[EventDate "2018.11.09"]
[EventType "team-tourn"]
[EventRounds "9"]
[EventCountry "SWE"]
[SourceTitle "EXT 2020"]
[Source "ChessBase"]
[SourceDate "2019.10.17"]
[SourceVersion "1"]
[SourceVersionDate "2019.10.17"]
[SourceQuality "1"]
[WhiteTeam "Kungstornet"]
[BlackTeam "Manhem"]
[WhiteTeamCountry "SWE"]
[BlackTeamCountry "SWE"]

1. d4 Nf6 2. Nf3 d5 3. g3 Bg4 4. Bg2 e6 5. 0-0 c5 6. c4 Nc6 7. cxd5 exd5 8. dxc5 Bxc5 9. Bg5 Be7 10. Nc3 Be6 11. Qa4 Qd7 12. Rad1 Rd8 13. e4 Nb4 14. Qxa7 0-0 15. e5 Ra8 16. Qd4 Ng4 17. Bxe7 Qxe7 18. h3 Nc6 19. Qf4 d4 20. Nxd4 Ngxe5 21. Rfe1 Qc5 22. a3 Rad8 23. Nxc6 Nxc6 24. Qc7 Rb8 25. Rd2 Rfc8 26. Qf4 Na5 27. Ne4 Qc4 28. Bf1 Qc6 29. b4 Nb3 30. Rd6 Qc7 31. Ng5 Qc3 32. Qe4 Nd2 33. Qxh7+ Kf8 34. Rd3 Qb2 35. Qh8+ Ke7 36. Qh4 f6 37. Rxe6+ 1-0

[Event "Vlissingen HZ op 22nd"]
[Site "Vlissingen"]
[Date "2018.08.10"]
[Round "8"]
[White "Kalisvaart, Peter"]
[Black "Aronsson, Marten"]
[Result "1-0"]
[WhiteElo "2090"]
[BlackElo "2303"]
[PlyCount "75"]
[EventDate "2018.08.04"]
[EventType "swiss"]
[EventRounds "9"]
[EventCountry "NED"]
[SourceTitle "CBM 185 Extra"]
[Source "ChessBase"]
[SourceDate "2018.07.29"]
[SourceVersion "1"]
[SourceVersionDate "2018.07.29"]
[SourceQuality "1"]

1. d4 g6 2. c4 Nf6 3. Nc3 Bg7 4. e4 0-0 5. Be2 c5 6. d5 d6 7. Nf3 Bg4 8. 0-0 a6 9. a4 e6 10. dxe6 fxe6 11. Ng5 Bxe2 12. Qxe2 Re8 13. e5 dxe5 14. Qxe5 Nd5 15. Qg3 Nxc3 16. bxc3 Qe7 17. Re1 e5 18. Qh3 Bf6 19. Ne4 Bg7 20. Be3 Qe6 21. Qxe6+ Rxe6 22. Nxc5 Rc6 23. Rad1 Bf6 24. Ne4 Be7 25. c5 Rc7 26. f4 Nd7 27. fxe5 Nxc5 28. Nxc5 Bxc5 29. Bd4 Rd8 30. e6 Re8 31. Re5 Bd6 32. Re3 Rc4 33. a5 Bf4 34. Re4 Bc7 35. Rb1 Bxa5 36. Rxb7 Bxc3 37. Rg7+ Kh8 38. Rxh7+ 1-0

[Event "Vlissingen HZ op 22nd"]
[Site "Vlissingen"]
[Date "2018.08.08"]
[Round "6"]
[White "De Zwart, Johan"]
[Black "Aronsson, Marten"]
[Result "1/2-1/2"]
[WhiteElo "1982"]
[BlackElo "2303"]
[PlyCount "75"]
[EventDate "2018.08.04"]
[EventType "swiss"]
[EventRounds "9"]
[EventCountry "NED"]
[SourceTitle "CBM 185 Extra"]
[Source "ChessBase"]
[SourceDate "2018.07.29"]
[SourceVersion "1"]
[SourceVersionDate "2018.07.29"]
[SourceQuality "1"]

1. e4 g6 2. d4 Bg7 3. Bc4 c5 4. c3 Nc6 5. dxc5 Qc7 6. Be3 Nf6 7. f3 0-0 8. Ne2 Nd8 9. Na3 a6 10. 0-0 Ne6 11. Bxe6 dxe6 12. Nc4 Bd7 13. Nb6 Rad8 14. Qc2 Bb5 15. Rfd1 Nh5 16. a4 Bc6 17. Rxd8 Rxd8 18. Rd1 h6 19. Rxd8+ Qxd8 20. Qd2 Qc7 21. Bd4 e5 22. Be3 Kh7 23. g4 Nf6 24. b3 Ne8 25. c4 f5 26. gxf5 gxf5 27. Nd5 Qd7 28. Qc2 e6 29. Nb4 Nf6 30. Nxc6 Qxc6 31. b4 Bf8 32. a5 Qd7 33. Nc3 Qg7+ 34. Qg2 Qd7 35. Qd2 Qg7+ 36. Qg2 Qd7 37. Qd2 Qg7+ 38. Qg2 1/2-1/2

[Event "Vlissingen HZ op 22nd"]
[Site "Vlissingen"]
[Date "2018.08.05"]
[Round "3"]
[White "Aronsson, Marten"]
[Black "Ikonnikov, Vyacheslav"]
[Result "0-1"]
[WhiteElo "2303"]
[BlackElo "2546"]
[PlyCount "86"]
[EventDate "2018.08.04"]
[EventType "swiss"]
[EventRounds "9"]
[EventCountry "NED"]
[SourceTitle "CBM 185 Extra"]
[Source "ChessBase"]
[SourceDate "2018.07.29"]
[SourceVersion "1"]
[SourceVersionDate "2018.07.29"]
[SourceQuality "1"]

1. d4 Nf6 2. Nf3 e6 3. g3 b5 4. Qd3 Ba6 5. Bg5 c5 6. e4 b4 7. Qe3 cxd4 8. Qxd4 Nc6 9. Qe3 Bxf1 10. Kxf1 h6 11. Bxf6 Qxf6 12. e5 Qf5 13. Qd3 Qxd3+ 14. cxd3 g5 15. h3 Bg7 16. d4 f6 17. Nbd2 fxe5 18. dxe5 Nxe5 19. Nxe5 Bxe5 20. Nc4 Bg7 21. Re1 0-0 22. Re2 Rac8 23. b3 d5 24. Ne3 Rc1+ 25. Kg2 Rxh1 26. Kxh1 Rc8 27. Kg2 Rc3 28. f4 gxf4 29. gxf4 Kf8 30. Nd1 Rc6 31. Kf3 Kf7 32. Ne3 Bd4 33. Nc2 Rc3+ 34. Kg4 Bc5 35. h4 a5 36. Ne1 Be7 37. Nc2 Bf6 38. Ne3 Rd3 39. Kh5 d4 40. Nf1 Rf3 41. Nh2 Rxf4 42. Ng4 Rf5+ 43. Kxh6 Bg7+ 0-1

[Event "Vlissingen HZ op 22nd"]
[Site "Vlissingen"]
[Date "2018.08.05"]
[Round "2"]
[White "De Boer, Robert"]
[Black "Aronsson, Marten"]
[Result "0-1"]
[WhiteElo "1979"]
[BlackElo "2303"]
[PlyCount "70"]
[EventDate "2018.08.04"]
[EventType "swiss"]
[EventRounds "9"]
[EventCountry "NED"]
[SourceTitle "CBM 185 Extra"]
[Source "ChessBase"]
[SourceDate "2018.07.29"]
[SourceVersion "1"]
[SourceVersionDate "2018.07.29"]
[SourceQuality "1"]

1. e4 e5 2. Nf3 Nc6 3. Bc4 Nf6 4. Ng5 d5 5. exd5 Na5 6. d3 h6 7. Nf3 e4 8. Qe2 Nxc4 9. dxc4 Bc5 10. Nfd2 0-0 11. Nb3 Bg4 12. Qf1 Bb4+ 13. c3 Be7 14. h3 Bh5 15. Be3 Nd7 16. g4 Bg6 17. N1d2 Ne5 18. 0-0-0 b5 19. cxb5 Qxd5 20. Kb1 Nd3 21. Nd4 a6 22. b6 cxb6 23. Nf5 Bxf5 24. gxf5 Qb5 25. Nb3 Qxf5 26. f3 Nc5 27. Nd4 Qh5 28. fxe4 Nxe4 29. Qg2 Qg6 30. Qxg6 fxg6 31. Ne6 Rf3 32. Rde1 Bh4 33. Nd4 Rf6 34. Rd1 Re8 35. Rd3 Nc5 0-1

[Event "SWE-chT 1617"]
[Site "Sweden"]
[Date "2017.03.24"]
[Round "7.4"]
[White "Jobava, Baadur"]
[Black "Aronsson, Marten"]
[Result "1-0"]
[WhiteElo "2698"]
[BlackElo "2334"]
[PlyCount "119"]
[EventDate "2016.10.14"]
[EventType "team-tourn"]
[EventRounds "9"]
[EventCountry "SWE"]
[SourceTitle "CBM 177 Extra"]
[Source "ChessBase"]
[SourceDate "2017.04.27"]
[SourceVersion "1"]
[SourceVersionDate "2017.04.27"]
[SourceQuality "1"]
[WhiteTeam "Malmo"]
[BlackTeam "Kungstornet"]
[WhiteTeamCountry "SWE"]
[BlackTeamCountry "SWE"]

1. Nf3 d5 2. c4 c6 3. d4 Nf6 4. cxd5 cxd5 5. Nc3 Nc6 6. Bf4 a6 7. Ne5 Qb6 8. Nxc6 bxc6 9. f3 Nh5 10. Be3 e6 11. Qd2 Bd6 12. Bf2 Rb8 13. g4 Nf6 14. 0-0-0 Nd7 15. Bg3 c5 16. e3 Qc7 17. Bxd6 Qxd6 18. h4 Nb6 19. Qh2 Qxh2 20. Rxh2 c4 21. b3 Bd7 22. bxc4 Nxc4 23. Bxc4 dxc4 24. f4 Ke7 25. e4 Rhd8 26. g5 Bc6 27. Re2 Rd7 28. d5 Ba8 29. dxe6 Rxd1+ 30. Kxd1 fxe6 31. Ke1 Rd8 32. Rd2 Rf8 33. Rf2 Rd8 34. Rf3 Rd4 35. Re3 Kf7 36. h5 g6 37. h6 Bc6 38. Ke2 Bb7 39. a4 Bc6 40. a5 Rd7 41. Nb1 Rb7 42. Nd2 Rb4 43. Rc3 Bb5 44. Ke3 Ra4 45. Nf3 Kg8 46. Ne5 Kf8 47. Kf3 Rb4 48. Ke2 Ra4 49. Ke3 Kg8 50. Rc1 Ra3+ 51. Kd4 Rxa5 52. Kc5 Ra2 53. Kd6 Rf2 54. Nxc4 Rxf4 55. Ne5 a5 56. Rc7 Be8 57. Rg7+ Kh8 58. Ke7 Rxe4 59. Nf7+ Bxf7 60. Rxf7 1-0

[Event "Split op 6th"]
[Site "Split"]
[Date "2016.08.20"]
[Round "9"]
[White "Plenca, Julian"]
[Black "Aronsson, Marten"]
[Result "1-0"]
[WhiteElo "2410"]
[BlackElo "2317"]
[PlyCount "156"]
[EventDate "2016.08.13"]
[EventType "swiss"]
[EventRounds "9"]
[EventCountry "CRO"]
[SourceTitle "CBM 173 Extra"]
[Source "ChessBase"]
[SourceDate "2016.08.29"]
[SourceVersion "1"]
[SourceVersionDate "2016.08.29"]
[SourceQuality "1"]

1. e4 e5 2. Nf3 Nc6 3. Nc3 Nf6 4. d4 exd4 5. Nxd4 Bb4 6. Nxc6 bxc6 7. Bd3 d5 8. exd5 cxd5 9. 0-0 0-0 10. a3 Be7 11. Bg5 c6 12. Re1 h6 13. Bh4 Re8 14. Qd2 Be6 15. Ne2 Ng4 16. Bg3 Bh4 17. Nd4 Bxg3 18. hxg3 Qb6 19. b4 c5 20. bxc5 Qxc5 21. Qb4 Qxb4 22. axb4 Reb8 23. Bb5 Bc8 24. Re8+ Kh7 25. Re7 Rb7 26. Re8 Rbb8 27. Bc6 Bb7 28. Rxb8 Rxb8 29. Rxa7 Bxc6 30. Nxc6 Rb6 31. Rc7 Nf6 32. Ne5 Rxb4 33. f3 Rb2 34. Nxf7 d4 35. Rc5 Nd7 36. Rc6 Nf6 37. Nd6 Nd5 38. Nf5 Rb4 39. Rd6 Ne3 40. Nxd4 Rc4 41. Rd7 Kg6 42. g4 Kf6 43. Kf2 Nxc2 44. Nf5 h5 45. Nd6 Rd4 46. Ne4+ Kg6 47. gxh5+ Kxh5 48. Rxg7 Kh6 49. Rg8 Ra4 50. g4 Nd4 51. Kg3 Ne6 52. Rb8 Ra6 53. Rb7 Kg6 54. Rd7 Ra3 55. Rd6 Kf7 56. g5 Ra1 57. Kg4 Rf1 58. Ng3 Rg1 59. f4 Ng7 60. Ra6 Rg2 61. f5 Ne8 62. Ra7+ Kf8 63. Kf3 Rb2 64. Ne4 Rb3+ 65. Kf4 Rb4 66. Rd7 Ng7 67. g6 Ne8 68. Rd8 Ke7 69. Rxe8+ Kxe8 70. f6 Kf8 71. Kf5 Rb6 72. Ng5 Rb5+ 73. Kg4 Rb8 74. Ne6+ Ke8 75. Kh5 Rb7 76. Ng5 Kf8 77. Kh6 Ra7 78. g7+ Kg8 1-0

[Event "Split op 6th"]
[Site "Split"]
[Date "2016.08.18"]
[Round "7"]
[White "Aronsson, Marten"]
[Black "Bontempi, Piero"]
[Result "1-0"]
[WhiteElo "2317"]
[BlackElo "2376"]
[PlyCount "63"]
[EventDate "2016.08.13"]
[EventType "swiss"]
[EventRounds "9"]
[EventCountry "CRO"]
[SourceTitle "CBM 173 Extra"]
[Source "ChessBase"]
[SourceDate "2016.08.29"]
[SourceVersion "1"]
[SourceVersionDate "2016.08.29"]
[SourceQuality "1"]

1. d4 d5 2. Nf3 Bf5 3. c4 e6 4. Nc3 Nf6 5. g3 Nc6 6. a3 dxc4 7. Qa4 Nd7 8. Qxc4 Nb6 9. Qb3 Be7 10. Bg2 0-0 11. e3 a5 12. 0-0 a4 13. Qd1 Qc8 14. Qe2 Rd8 15. h3 Bg6 16. Rd1 Bf6 17. Nd2 Bxd4 18. exd4 Nxd4 19. Qe5 c5 20. g4 Bc2 21. Re1 Bd3 22. Nde4 Nd7 23. Qh5 Nc2 24. Rd1 Bxe4 25. Nxe4 Nxa1 26. Nd6 g6 27. Qh4 Qc7 28. Qe7 Rf8 29. Bh6 Qd8 30. Bxf8 Nxf8 31. Qxf7+ Kh8 32. Qxb7 1-0

[Event "Split op 6th"]
[Site "Split"]
[Date "2016.08.16"]
[Round "5"]
[White "Aronsson, Marten"]
[Black "Lucovnik, Tilen"]
[Result "1-0"]
[WhiteElo "2317"]
[BlackElo "2082"]
[PlyCount "95"]
[EventDate "2016.08.13"]
[EventType "swiss"]
[EventRounds "9"]
[EventCountry "CRO"]
[SourceTitle "CBM 173 Extra"]
[Source "ChessBase"]
[SourceDate "2016.08.29"]
[SourceVersion "1"]
[SourceVersionDate "2016.08.29"]
[SourceQuality "1"]

1. d4 d5 2. Nf3 Nf6 3. g3 e6 4. Bg2 c5 5. c4 Nc6 6. cxd5 exd5 7. 0-0 Be6 8. Nc3 h6 9. Bf4 Rc8 10. Rc1 cxd4 11. Nb5 g5 12. Bd2 Ne4 13. Nfxd4 Nxd4 14. Nxd4 Nxd2 15. Qxd2 Rxc1 16. Rxc1 Bg7 17. Qe3 Qb6 18. Nxe6 fxe6 19. Qxb6 axb6 20. Rc7 0-0 21. Bh3 Re8 22. Rxb7 Bd4 23. e3 Bc5 24. b4 Bxb4 25. Rxb6 Bc5 26. Rc6 Bb4 27. Bxe6+ Kg7 28. Bxd5 Rd8 29. e4 Rd7 30. Kg2 Bd2 31. Kf3 Ra7 32. Ke2 Bb4 33. f4 gxf4 34. gxf4 Ra3 35. Bb3 Ra5 36. f5 Rc5 37. Rxc5 Bxc5 38. Kd3 Kf6 39. Kc4 Bd6 40. h3 Ke5 41. Bc2 Ba3 42. Kd3 h5 43. Ke3 h4 44. Kf3 Be7 45. a4 Bd8 46. Kg4 Kd4 47. Kf4 Bc7+ 48. Kg5 1-0

[Event "Hasselbacken op"]
[Site "Stockholm"]
[Date "2016.05.05"]
[Round "6"]
[White "Aronsson, Marten"]
[Black "Fors, Tomas"]
[Result "1-0"]
[WhiteElo "2304"]
[BlackElo "2063"]
[PlyCount "77"]
[EventDate "2016.04.30"]
[EventType "swiss"]
[EventRounds "9"]
[EventCountry "SWE"]
[SourceTitle "CBM 172 Extra"]
[Source "ChessBase"]
[SourceDate "2016.06.21"]
[SourceVersion "1"]
[SourceVersionDate "2016.06.21"]
[SourceQuality "1"]

1. d4 Nf6 2. Nf3 e6 3. g3 b5 4. Bg2 Bb7 5. 0-0 c5 6. c3 Be7 7. a4 a6 8. Bg5 Qb6 9. Nbd2 cxd4 10. cxd4 Nc6 11. Qb3 Nxd4 12. Nxd4 Bxg2 13. Kxg2 Qxd4 14. axb5 Ne4 15. Qf3 d5 16. Be3 Qb4 17. Nxe4 dxe4 18. Qg4 0-0 19. bxa6 f5 20. Qf4 Bd6 21. Bd2 Qb6 22. Qe3 Rxa6 23. Rxa6 Qxa6 24. Bc3 Qc6 25. Rd1 e5 26. Qa7 Bc7 27. Qa2+ Kh8 28. Qd5 Qf6 29. e3 h5 30. Qc5 Rf7 31. Rd5 Re7 32. h4 Kh7 33. Qb5 Qe6 34. Rc5 g6 35. Rc6 Qd7 36. Qc4 Bd8 37. Bb4 Rf7 38. Rd6 Qe8 39. Rxd8 1-0

[Event "SWE-chT 1516"]
[Site "Sweden"]
[Date "2016.03.19"]
[Round "8.4"]
[White "Gdanski, Jacek"]
[Black "Aronsson, Marten"]
[Result "1-0"]
[WhiteElo "2492"]
[BlackElo "2300"]
[PlyCount "107"]
[EventDate "2015.11.06"]
[EventType "team-tourn"]
[EventRounds "9"]
[EventCountry "SWE"]
[SourceTitle "EXT 2017"]
[Source "ChessBase"]
[SourceDate "2016.10.25"]
[SourceVersion "1"]
[SourceVersionDate "2016.10.25"]
[SourceQuality "1"]
[WhiteTeam "Eksjo"]
[BlackTeam "Kungstornet"]
[WhiteTeamCountry "SWE"]
[BlackTeamCountry "SWE"]

1. e4 e5 2. Nf3 Nc6 3. Bb5 Nf6 4. 0-0 Nxe4 5. d4 Nd6 6. Bxc6 dxc6 7. dxe5 Nf5 8. Qxd8+ Kxd8 9. h3 Be7 10. Nc3 Bd7 11. Bg5 h6 12. Bxe7+ Nxe7 13. Rad1 Kc8 14. Rfe1 c5 15. Nd5 Nxd5 16. Rxd5 b6 17. Rd2 Re8 18. Nh2 Be6 19. a3 Kb7 20. f4 Rad8 21. Red1 Rxd2 22. Rxd2 Kc6 23. Kf2 a5 24. g4 g6 25. Nf1 h5 26. gxh5 gxh5 27. h4 f6 28. exf6 Rf8 29. Ne3 Rxf6 30. Kf3 Rf8 31. Rg2 Bf7 32. Rg7 Kd6 33. Rh7 Ke7 34. Nc4 Kf6 35. Ne5 Bd5+ 36. Ke3 Rg8 37. Rh6+ Ke7 38. f5 Rg1 39. f6+ Ke6 40. f7+ Ke7 41. Rf6 Kxf6 42. f8Q+ Kxe5 43. Qe7+ Kf5 44. Qh7+ Kf6 45. Qxc7 Re1+ 46. Kd2 Re6 47. Qd8+ Ke5 48. Qg5+ Ke4 49. Qxh5 Rf6 50. Qg5 Rf2+ 51. Ke1 Rf5 52. Qg4+ Ke5 53. h5 Bf3 54. Qg3+ 1-0

[Event "SWE-chT 1516"]
[Site "Sweden"]
[Date "2016.01.16"]
[Round "4.4"]
[White "Aronsson, Marten"]
[Black "Blomqvist, Erik"]
[Result "1/2-1/2"]
[WhiteElo "2300"]
[BlackElo "2486"]
[PlyCount "69"]
[EventDate "2015.11.06"]
[EventType "team-tourn"]
[EventRounds "9"]
[EventCountry "SWE"]
[SourceTitle "CBM 170 Extra"]
[Source "ChessBase"]
[SourceDate "2016.02.25"]
[SourceVersion "1"]
[SourceVersionDate "2016.02.25"]
[SourceQuality "1"]
[WhiteTeam "Kungstornet"]
[BlackTeam "Stockholm Rockaden"]
[WhiteTeamCountry "SWE"]
[BlackTeamCountry "SWE"]

1. d4 Nf6 2. Nf3 e6 3. g3 d5 4. Bg2 Be7 5. 0-0 0-0 6. c4 c6 7. Qc2 b6 8. b3 Nbd7 9. Nbd2 Bb7 10. Bb2 a5 11. Rad1 Qb8 12. e4 Rc8 13. Rfe1 a4 14. Bc3 axb3 15. axb3 Ra7 16. Ra1 Rxa1 17. Rxa1 c5 18. exd5 exd5 19. Re1 Bf8 20. Qf5 Re8 21. Rxe8 Qxe8 22. Ne5 cxd4 23. Bxd4 Nc5 24. cxd5 Bxd5 25. Bxd5 Nxd5 26. Bxc5 Bxc5 27. Nd3 Qc6 28. Nxc5 bxc5 29. Ne4 h6 30. Qe5 c4 31. bxc4 Qxc4 32. Qe8+ Kh7 33. Qe5 Qc1+ 34. Kg2 Qc6 35. Kg1 1/2-1/2

[Event "SWE-chT 1516"]
[Site "Sweden"]
[Date "2015.11.08"]
[Round "3.4"]
[White "Brynell, Stellan"]
[Black "Aronsson, Marten"]
[Result "0-1"]
[WhiteElo "2424"]
[BlackElo "2300"]
[PlyCount "138"]
[EventDate "2015.11.06"]
[EventType "team-tourn"]
[EventRounds "9"]
[EventCountry "SWE"]
[SourceTitle "CBM 169 Extra"]
[Source "ChessBase"]
[SourceDate "2015.12.18"]
[SourceVersion "1"]
[SourceVersionDate "2015.12.18"]
[SourceQuality "1"]
[WhiteTeam "Limhamn"]
[BlackTeam "Kungstornet"]
[WhiteTeamCountry "SWE"]
[BlackTeamCountry "SWE"]

1. d4 d5 2. Nf3 Nf6 3. c4 c6 4. Nc3 dxc4 5. a4 Bf5 6. Ne5 e6 7. f3 Bb4 8. e4 Bxe4 9. Nxf7 Kxf7 10. fxe4 c5 11. d5 exd5 12. exd5 Re8+ 13. Be2 Bxc3+ 14. bxc3 Qe7 15. Ra2 Qe5 16. 0-0 Kg8 17. Bxc4 Nbd7 18. d6+ Kh8 19. Bf7 Rf8 20. Re2 Qxc3 21. Bb2 Qb4 22. Be6 Rad8 23. Ba1 Qh4 24. g3 Qh6 25. Rf4 Nh5 26. Rh4 Ndf6 27. Re1 Qg6 28. d7 Nxg3 29. Rg4 Nxg4 30. Qxg4 Nh5 31. Be5 Nf4 32. Qxg6 hxg6 33. Bxf4 Rxf4 34. Re3 g5 35. Re5 b6 36. Rxg5 Kh7 37. Kg2 g6 38. Rd5 Kg7 39. Rd6 Rd4 40. Rc6 R8xd7 41. Bxd7 Rxd7 42. Kf3 Kh6 43. a5 Rd3+ 44. Kg4 Rd4+ 45. Kg3 Rb4 46. Rc7 Ra4 47. Rxa7 Rxa5 48. Rb7 Rb5 49. Kf4 c4 50. Ke3 c3 51. Kd3 Rc5 52. Kc2 b5 53. h4 Kh5 54. Rb6 Rc4 55. Rxb5+ Kxh4 56. Rb1 g5 57. Kd3 Rc7 58. Rh1+ Kg4 59. Rg1+ Kf5 60. Rf1+ Kg6 61. Kc2 g4 62. Rg1 Kg5 63. Rg2 Kf4 64. Rf2+ Ke3 65. Rf8 g3 66. Rg8 Kf2 67. Rf8+ Kg1 68. Rg8 g2 69. Rf8 Rc4 0-1